| 000 | 01065cam a2200337 a 4500 | ||
|---|---|---|---|
| 999 |
_c23578 _d23578 |
||
| 001 | vtls010130770 | ||
| 005 | 20240710074304.0 | ||
| 008 | 180801s2010 xo d 000 fdslo | ||
| 020 |
_a9788055121703 _q(viaz.) |
||
| 035 | _a3CDE63F6-BC9A-47C8-A4D8-7F326A8180F0 | ||
| 035 | _aurn:nbn:sk:snk-amk1pd | ||
| 035 | _aurn:nbn:sk:snk-am008610 | ||
| 040 |
_aTVZK _bslo _cTVZK _dPPPK _dSNK _eAACR2 |
||
| 041 | 1 |
_aslo _hswe |
|
| 044 |
_axo _cSK |
||
| 072 | 7 |
_a821.11 _xGermánske literatúry _2konspekt |
|
| 080 |
_a821.113.6-31 _22001 |
||
| 080 |
_a(0:82-312.4) _22001 |
||
| 100 | 1 |
_aKepler, Lars _4aut _93646 |
|
| 240 | 1 | 0 |
_aHypnotisören _lSlovensky |
| 245 | 1 | 0 |
_aHypnotizér _c[Lars] Kepler ; [zo švédskeho originálu preložil Miloš Švantner] |
| 250 | _a[1. vyd.] | ||
| 260 |
_aBratislava _bIkar _c2010 |
||
| 300 |
_a398 s. _c24 cm |
||
| 655 | 7 |
_ašvédske romány _2SNKPH _91715 |
|
| 655 | 7 |
_adetektívne romány _2SNKPH _91710 |
|
| 655 | 7 |
_aSwedish fiction _2SNKPHeng _91716 |
|
| 655 | 7 |
_aDetective novels _2SNKPHeng _91711 |
|
| 958 | _aUP | ||
| 958 | _aLX | ||